Chicago Bears schedule 2022/2023 - Statistics

General Stats
  • This quiz has been taken 32 times
  • The average score is 7 of 18
Answer Stats
Week Bears Opponent % Correct
1 Bears vs 49ers
86%
2 Bears at Packers
86%
18 Bears vs Vikings
54%
10 Bears vs Lions
43%
5 Bears at Vikings
43%
17 Bears at Lions
39%
7 Bears at Patriots
39%
3 Bears vs Texans
39%
6 Bears vs Commanders
32%
4 Bears at Giants
32%
13 Bears vs Packers
32%
8 Bears at Cowboys
25%
9 Bears vs Dolphins
25%
16 Bears vs Bills
21%
15 Bears vs Eagles
21%
11 Bears at Falcons
21%
12 Bears at Jets
21%
14 Bears Bye
18%
No matching quizzes found
Score Distribution
Percent of People with Each Score
Percentile by Number Answered
Your Score History
You have not taken this quiz